東京23区にある駅サドンデス - Statistics

General Stats
  • This quiz has been taken 315 times
  • The average score is 6 of 16
Answers on the Grid
Answers color-coded by a green-red scale on the quiz's grid according to % correct below.
見沼代親水公園
二子新地
保谷
西北沢
南新宿
京成金町
矢切
東日本橋
多摩川
喜多見
吉祥寺
新高島平
武蔵関
谷塚
落合東長崎
仙川
世田谷
青山
南行徳
地下鉄成増
和泉多摩川
東京スカイツリー
久我山
東伏見
御茶の水
葛西臨海公園
浮間舟渡
江戸川
赤羽岩淵
新中野
 
Answer Stats
Answer % Correct
葛西臨海公園
47%
南新宿
45%
新高島平
45%
新中野
43%
赤羽岩淵
42%
京成金町
40%
見沼代親水公園
39%
東日本橋
39%
浮間舟渡
38%
多摩川
36%
世田谷
34%
地下鉄成増
34%
江戸川
29%
久我山
25%
喜多見
23%
武蔵関
23%
No matching quizzes found
Score Distribution
Percent of People with Each Score
Percentile by Number Answered
Your Score History
You have not taken this quiz